000 00674cam a22002173a 4500
001 37361
003 PGUSA
005 20140828083823.0
008 110908s2011||||xxu|||||s|||||000 | eng d
040 _aPGUSA
_beng
042 _adc
100 1 _aSienkiewicz, Henryk,
_d1846-1916
245 1 0 _aPan Michael :
_bAn Historical Novel of Poland, the Ukraine, and Turkey
_h[electronic resource] /
_cHenryk Sienkiewicz
260 _bProject Gutenberg,
_c2011
506 _aPublic domain in the USA.
516 _aElectronic text
700 1 _aCurtin, Jeremiah,
_d1835-1906
830 0 _aProject Gutenberg
_v37361
856 4 0 _uhttp://www.gutenberg.org/ebooks/37361
942 _cEB
999 _c266615
_d266615